000 00684nam a2200217Ia 4500
003 IN-BaIIA
008 211028s9999 xx 000 0 eng d
020 _a978-81-8487-169-2
040 _cIIA Library
080 _a539.1
_bATO
245 0 _aAtomic and molecular physics
_bintroduction to advanced topics
_cedited by Rajesh Srivastava and Rakesh Choubisa
260 _aNew Delhi
_bNarosa Publishing House
_c2012
300 _aviii, 235p.
650 _aAtomic structur
_936438
650 _aAtoms
_91137
650 _aMolecular structur
_936439
650 _aMolecule
_936440
700 _aChoubisa, Rakesh., ed.
_936441
700 _aSrivastava, Rajesh., ed.
_936442
942 _cBK
999 _c19085
_d19085